01637nam a22002177a 4500003000400000005001700004008004100021020001800062040002100080041000800101082002900109100003700138245009200175250002200267260006300289300008600352504000700438520086200445610006301307650004901370OSt20210308155836.0210308s2007 ck ao||gr|||| 00| 0 spa d a9789589187395 aCO-JMCRcCO-JMCR0 aspa04a069.0986152 /bB715m2231 aBonilla, María Elvia, eautora10aMuseo de la Caña de Azúcar : bValler del Cauca, Colombia / cMaría Elvia Bonilla aPrimera edición aValle del Cauca : bMuseo de la Caña de Azúcar, c2007 a79 páginas : bprincipalmente ilustraciones y fotografías a color ; c22 cm. a783 aComo el Museo de la Caña de Azúcar, este libro cuenta una historia de 500 años, desde la llegada de la "caña dulce" al continente americano a bordo de los galeones españoles, hasta la construcción de una de las destilerías de alcohol carburante más modernas de Suramérica, pasando por las manifestaciones vernáculas de la cultura del azúcar en las áreas rurales de Colombia y por los procesos de campo, cosecha y fábrica del azúcar obtenido a escala industrial para abastecer una demanda cada vez mayor y más exigente. Al mismo tiempo, este libro es un testimonio de la cultura material del azúcar en el departamento del Valle del Cauca y en las áreas rurales de Colombia, y un regalo para los vallecaucanos con motivo de la celebración de los primeros veinticinco años de existencia del Museo de la Caña de Azúcar.2 aMuseo de la Caña de Azúcar (Valle del Cauca)xhistoria14aCaña de azúcarxcultivozValle del Cauca